000 01116nam0a22002411 4500
001 rc\2607218
005 20250623133345.0
035 _a(NLR Aleph) 006771182
090 _a5946267
_c5946267
100 _a20110914d1930 |||y0rusy50 ca
101 0 _arus
102 _aRU
105 _aab z |||||
200 1 _aПамятка студентам, курсантам и практикантам строителям
_fПод ред. Линбюро ИТС Линкома ВССР при Башжелдорстрое
_gВсесоюзн. проф. союз строит. рабочих. Линейный ком-т при Башжелдорстрое
210 _aУфа
_cЛинком ВССР при Башжелдорстрое
_d1930
_gтипо-лит. "Октябрьский натиск" БЦСНХ
215 _a145, III с., [5] вкл. л. схем., карт., табл.
_cчерт.
_d15х11 см.
712 0 2 _aБашкирское упр. по сооружению ж. д.
801 0 _aRU
_bNLR
_gpsbo
801 1 _aRU
_bELAR
_2rusmarc
852 _aNLR
_j30.1/719
942 _cBOOK
980 _aNB